Statistiques concernant La réponse est un véhicule Citroën

Cliquez ici pour prendre le quiz!

Statistiques générales

  • Ce quiz a été pris 136 fois
  • Le résultat moyen est 7 sur 15

Statistiques - réponses

IndicesRéponses% Correct
Console portable commercialisée par Nintendo en 2004 disposant d'un écran tactileDS
93%
Peinte espagnol considéré comme le créateur du cubisme, avec BraquePicasso
93%
Son père, Marin, et Dory cherchent à retrouver ce poisson-clown égaréNemo
86%
Plante pouvant faire face à de longues périodes de sécheresse, souvent à picsCactus
85%
Abréviation utilisée pour "identifiant"ID
76%
Organisme de régulation bancaire, concurrent de MastercardVisa
70%
Coup nécessaire après E4 pour obtenir une défense sicilienne aux échecsC5
59%
Instrument de Redman, Parker ou encore ColtraneSaxo
43%
Maître des vents dans la mythologie grecqueEole
42%
Bonbon à base de sirop de fruits confits associé à la ville de Carpentras (presque)Berlingo(t)
31%
Voiturette à pédale à trois ou quatre roues, pouvant accueillir plusieurs personnesRosalie
18%
Vitamine utile au bon fonctionnement du cerveau, présente dans les aliments d'origine animaleB12
16%
"pull" en anglaisJumper
16%
Célèbre ordinateur personnel commercialisé en 1982{ZX} Spectrum
13%
"nerveux", "agité" en anglaisJumpy
9%

Distribution des résultats

Percentile par nombre de réponses

% des personnes avec chaque résultat

Votre développement - résultats

Vous n’avez pas pris ce quiz